[Event "November Leisure Chess"]
[Site "SchemingMind.com"]
[Date "2009.11.22"]
[Round "-"]
[White "lame wolf"]
[Black "somar96"]
[Result "0-1"]
[WhiteCountry "INT"]
[BlackCountry "POL"]
[WhiteElo "1055"]
[WhiteRD "45"]
[BlackElo "1914"]
[BlackRD "62"]
[GameID "227850"]

1. e3 c5 2. c4 Nf6 3. Nc3 d5 4. Nf3 Nc6 5. b3 d4 6. exd4 cxd4 7. Nb1 e5 8. d3 Bg4 9. Be2 Bb4+ 10. Bd2 Bxd2+
11. Nbxd2 O-O 12. Ne4 Nxe4 13. dxe4 Bxf3 14. Bxf3 a5 15. O-O Qe7 16. Qe1 Rfd8 17. c5 Qxc5 18. Qc1 Qxc1 19. Raxc1 g6 20. Rc4 Kg7
21. a3 Rac8 22. Rc2 Ne7 23. Rxc8 Rxc8 24. Be2 Rc3 25. b4 Rxa3 26. bxa5 Rxa5 27. f3 Nc6 28. Rb1 Ra7 29. g4 Kf6 30. h4 h6
31. g5+ hxg5 32. hxg5+ Kxg5 33. Kf2 Ne7 34. Kg3 f6 35. Bd3 f5 36. exf5 Nxf5+ 37. Bxf5 gxf5
0-1

[Event "November Leisure Chess"]
[Site "SchemingMind.com"]
[Date "2009.11.22"]
[Round "-"]
[White "somar96"]
[Black "lame wolf"]
[Result "1-0"]
[WhiteCountry "POL"]
[BlackCountry "INT"]
[WhiteElo "1693"]
[WhiteRD "143"]
[BlackElo "1097"]
[BlackRD "53"]
[GameID "227851"]

1. e4 c5 2. Nf3 Nc6 3. d4 d5 4. exd5 Qxd5 5. Nc3 Qe6+ 6. Be3 b6 7. d5 Qd7 8. dxc6 Qxc6 9. Bb5 Qxb5 10. Nxb5 Rb8
11. Nc7#
1-0

[Event "November Leisure Chess"]
[Site "SchemingMind.com"]
[Date "2009.11.26"]
[Round "-"]
[White "XTC"]
[Black "lame wolf"]
[Result "1-0"]
[WhiteCountry "COL"]
[BlackCountry "INT"]
[WhiteElo "1739"]
[WhiteRD "49"]
[BlackElo "1055"]
[BlackRD "45"]
[GameID "228135"]

1. e4 d5 2. exd5 Qxd5 3. Nc3 Qd8 4. d4 c5 5. Nf3 b6 6. Bb5+ Bd7 7. dxc5 Bxb5 8. Qxd8+ Kxd8 9. Nxb5 e6 10. cxb6 axb6
11. O-O Be7 12. Ne5 Nh6 13. Bxh6 gxh6 14. Nxf7+
1-0

[Event "November Leisure Chess"]
[Site "SchemingMind.com"]
[Date "2009.11.25"]
[Round "-"]
[White "XTC"]
[Black "somar96"]
[Result "1/2-1/2"]
[WhiteCountry "COL"]
[BlackCountry "POL"]
[WhiteElo "1818"]
[WhiteRD "48"]
[BlackElo "1890"]
[BlackRD "56"]
[GameID "228136"]

1. e4 d5 2. exd5 Qxd5 3. Nc3 Qd6 4. d4 Nf6 5. Nf3 c6 6. Ne5 Nbd7 7. Nc4 Qc7 8. Qf3 Nb6 9. Bf4 Qd8 10. Be5 Nxc4
11. Bxc4 e6 12. a3 Be7 13. O-O O-O 14. Rad1 Bd7 15. Ne4 Nxe4 16. Qxe4 Bf6 17. Bd6 Re8 18. c3 b5 19. Bd3 g6 20. b4 Qb6
21. h3 a5 22. Bc5 Qc7 23. f4 axb4 24. axb4 Ra3 25. Rc1 Rea8 26. Rfe1 Kg7 27. Qf3 Ra2 28. Rc2 Rxc2 29. Bxc2 Ra2 30. Bd3 Bc8
31. g4 h6 32. Bb1 Rb2 33. Bd3 Qd7 34. Re2 Rxe2 35. Bxe2 Qd5 36. Qe3 g5 37. Bf3 Qa2 38. fxg5 hxg5 39. Bxc6 Qb1+ 40. Kg2 Qc2+
41. Kg3 Ba6 42. Be4 Qd1 43. Kg2 Bc8 44. Qd3 Qc1 45. Bd6 Bd7 46. Be5 Bxe5 47. dxe5 Qf4 48. Qd4 Bc8 49. Bc6 Qc1 50. Qf2 Kg8
51. Qd4 Kg7 52. Bxb5 Bb7+ 53. Kf2 Qh1 54. Qe3 Qg2+ 55. Ke1 Qh1+ 56. Kd2 Qg2+ 57. Be2 Ba6 58. Qxg5+ Kf8 59. Qe3 Kg7 60. Qf3 Qh2
61. Qf6+ Kg8 62. Qg5+ Kf8 63. Qe3 Bxe2 64. Qxe2 Qxh3 65. b5 Qg3 66. b6 Qf4+ 67. Kd3 Qa4 68. Qe4 Qb5+ 69. c4 Qxb6=
1/2-1/2

[Event "November Leisure Chess"]
[Site "SchemingMind.com"]
[Date "2009.11.26"]
[Round "-"]
[White "lame wolf"]
[Black "XTC"]
[Result "1/2-1/2"]
[WhiteCountry "INT"]
[BlackCountry "COL"]
[WhiteElo "1055"]
[WhiteRD "45"]
[BlackElo "1739"]
[BlackRD "49"]
[GameID "228137"]

1. e4 e5 2. d4 exd4 3. Qxd4 Nc6 4. Qd1 Nf6 5. f3 d5 6. e5 Nxe5 7. Bg5 Be7 8. Bd3 Nxd3+ 9. Qxd3 c6 10. Bxf6 Bxf6
11. c3 Qe7+ 12. Ne2 O-O 13. O-O Qc5+ 14. Kh1 h6 15. Nd2 Qd6 16. Rab1 Be6 17. b3 c5 18. c4 b6 19. a3 Rad8 20. b4 dxc4
21. Qxd6 Rxd6 22. Ne4 Rd7 23. bxc5 Be7 24. cxb6 axb6 25. Rxb6 Bxa3 26. N2c3 Be7 27. Rd1 Rxd1+ 28. Nxd1 Ra8 29. Nec3 Bf6 30. g4 Ra3
31. Rb1 Bxc3 32. Nxc3 Rxc3 33. Kg2 Rc2+ 34. Kg3 Rd2 35. h4 c3 36. Rc1 c2 37. g5 hxg5 38. hxg5 Bb3 39. f4 Rd1 40. Rxc2 Bxc2
41. Kg4 Rg1+ 42. Kh5 g6+ 43. Kh4 Bf5
1/2-1/2

[Event "November Leisure Chess"]
[Site "SchemingMind.com"]
[Date "2009.11.25"]
[Round "-"]
[White "somar96"]
[Black "XTC"]
[Result "1/2-1/2"]
[WhiteCountry "POL"]
[BlackCountry "COL"]
[WhiteElo "1890"]
[WhiteRD "56"]
[BlackElo "1818"]
[BlackRD "48"]
[GameID "228138"]

1. e4 e5 2. Nf3 Nc6 3. d4 exd4 4. Nxd4 Nf6 5. Nxc6 bxc6 6. e5 Qe7 7. Qe2 Nd5 8. c4 Nb6 9. Nc3 Ba6 10. b3 Qe6
11. Qe4 O-O-O 12. Be2 Bb7 13. O-O d5 14. exd6 Qxe4 15. Nxe4 cxd6 16. Bf3 h6 17. Bf4 g5 18. Bg3 f5 19. Nxd6+ Bxd6 20. Bxd6 Rxd6
21. c5 Re6 22. cxb6 axb6 23. Rac1 g4 24. Bd5 Rd6 25. Bc4 Kb8 26. Rfd1 Rhd8 27. Re1 c5 28. Be2 h5 29. Red1 Rd2 30. Rxd2 Rxd2
31. Bc4 Rxa2 32. h4 gxh3 33. gxh3 Rd2 34. Re1 Be4 35. h4 Rd7 36. Kh2 Kc7 37. Kg3 Rg7+ 38. Kf4 Rg4+ 39. Ke5 Rxh4 40. Be6 Bc2
41. Bxf5 Bxb3 42. f4 Rh2 43. Be4 h4 44. f5 Bc2 45. f6 Bxe4 46. Rxe4 Kd7 47. Kf5 Rf2+ 48. Kg6 h3 49. f7 h2 50. Rh4 Ke7
51. Re4+ Kd6 52. Rh4 Ke7 53. Re4+ Kd8 54. Rh4 b5 55. Kg7 Ke7 56. Re4+ Kd6 57. Rh4 Rg2+ 58. Kf6 Rf2+ 59. Kg7 Ke7 60. Re4+ Kd6
61. Rh4 Rg2+ 62. Kf6 Rf2+=
1/2-1/2

[Event "November Leisure Chess"]
[Site "SchemingMind.com"]
[Date "2009.11.28"]
[Round "-"]
[White "Secco"]
[Black "lame wolf"]
[Result "1-0"]
[WhiteCountry "USA"]
[BlackCountry "INT"]
[WhiteElo "1247"]
[WhiteRD "131"]
[BlackElo "1055"]
[BlackRD "45"]
[GameID "228478"]

1. e4 c5 2. Nf3 b6 3. Bc4 Bb7 4. Nc3 d6 5. O-O e6 6. d4 cxd4 7. Nxd4 e5 8. Nf5 Bc8 9. Bd5 Nc6 10. a4 Bxf5
11. Bxc6+ Ke7 12. Bxa8 Qxa8 13. exf5 f6 14. Nd5+ Kd7 15. c4 Ne7 16. Qf3 Nxd5 17. cxd5 Be7 18. a5 b5 19. Qc3 Qc8 20. Qxc8+ Rxc8
21. b4 a6 22. Be3 Rc3 23. Rac1 Rb3 24. Bd2 g5 25. Rc3 Rb2 26. Rd3 h5 27. Be3 Rxb4 28. Rc1 Ke8 29. g3 g4 30. Bd2
1-0

[Event "November Leisure Chess"]
[Site "SchemingMind.com"]
[Date "2009.11.28"]
[Round "-"]
[White "Secco"]
[Black "XTC"]
[Result "0-1"]
[WhiteCountry "USA"]
[BlackCountry "COL"]
[WhiteElo "1247"]
[WhiteRD "131"]
[BlackElo "1739"]
[BlackRD "49"]
[GameID "228479"]

1. e4 e5 2. Nf3 Nc6 3. Bc4 d6 4. O-O Bg4 5. h3 Bh5 6. Nc3 Nf6 7. Bb5 Be7 8. Nd5 O-O 9. c4 a6 10. Ba4 Nxe4
11. d3 Nc5 12. d4 Bxf3 13. gxf3 Nxa4 14. Qxa4 Nxd4 15. Qd1 c6 16. Ne3 Bg5 17. f4 Bxf4 18. b3 Qg5+ 19. Ng4 Bxc1 20. Rxc1 f5
21. Rc3 fxg4 22. hxg4 h5 23. Rh3 Qxg4+ 24. Kh2 Nf3+ 25. Rxf3 Rxf3 26. Qxd6 Rh3#
0-1

[Event "November Leisure Chess"]
[Site "SchemingMind.com"]
[Date "2009.11.28"]
[Round "-"]
[White "Secco"]
[Black "somar96"]
[Result "0-1"]
[WhiteCountry "USA"]
[BlackCountry "POL"]
[WhiteElo "1247"]
[WhiteRD "131"]
[BlackElo "1914"]
[BlackRD "62"]
[GameID "228480"]

1. e4 d5 2. Nc3 c6 3. d4 dxe4 4. Nxe4 Bf5 5. f3 Bxe4 6. fxe4 e5 7. Nf3 exd4 8. Bg5 Be7 9. Qxd4 Qxd4 10. Nxd4 Bxg5
11. Nf3 Bf6 12. O-O-O Nd7 13. g3 Ne7 14. Bh3 Ne5 15. Nxe5 Bxe5 16. Bd7+ Kf8 17. g4 h6 18. Rhf1 Rd8 19. h4 g6 20. Rf3 Kg7
21. g5 hxg5 22. hxg5 Rh4 23. a4 Rxe4 24. Rh3 Bf4+ 25. Kb1 Bxg5 26. b3 f5 27. Rg3 Bf4 28. Rh3 Rh8 29. Rf3 g5 30. c4 Rh2
0-1

[Event "November Leisure Chess"]
[Site "SchemingMind.com"]
[Date "2009.11.28"]
[Round "-"]
[White "lame wolf"]
[Black "Secco"]
[Result "1/2-1/2"]
[WhiteCountry "INT"]
[BlackCountry "USA"]
[WhiteElo "1055"]
[WhiteRD "45"]
[BlackElo "1247"]
[BlackRD "131"]
[GameID "228481"]

1. b4 e5 2. a3 d5 3. Bb2 Nf6 4. Bxe5 Bd6 5. Bxd6 cxd6 6. d4 O-O 7. e3 Ne4 8. c4 Qf6 9. Nh3 Bxh3 10. Qf3 Ng5
11. Qxf6 gxf6 12. gxh3 dxc4 13. Nc3 d5 14. Nxd5 Nc6 15. Bxc4 Ne4 16. f3 Nd6 17. b5 Nxc4 18. bxc6 Rae8 19. cxb7 Rd8 20. Nf4 Nxe3
21. Ke2 Nc2 22. Rab1 Nxd4+ 23. Ke3 Nc2+ 24. Kf2 Nxa3 25. Rb3 Nc4 26. b8=Q Rxb8 27. Rxb8 Rxb8=
1/2-1/2

[Event "November Leisure Chess"]
[Site "SchemingMind.com"]
[Date "2009.11.29"]
[Round "-"]
[White "XTC"]
[Black "Secco"]
[Result "1-0"]
[WhiteCountry "COL"]
[BlackCountry "USA"]
[WhiteElo "1739"]
[WhiteRD "49"]
[BlackElo "1247"]
[BlackRD "131"]
[GameID "228482"]

1. e4 e5 2. Nf3 Nc6 3. Bc4 Nf6 4. Ng5 Nd5 5. Bxd5 Qxg5 6. Qf3 f6 7. O-O d6 8. d3 Nd4 9. Qd1 Bg4 10. f3 Bxf3
11. Bxg5 Bxd1 12. Rxd1 fxg5 13. Bb3 O-O-O 14. Nc3 d5 15. exd5 Bc5 16. Kh1 Rhf8 17. Ne4 Be7 18. c3 Nf5 19. Re1 g4 20. Nd2 h5
21. Rxe5 Rd7 22. Rf1 Nh4 23. Rxf8+ Bxf8 24. Rxh5 Be7 25. Bd1 c6 26. Bxg4 g6 27. Rh8+ Bd8 28. Bxd7+ Kxd7 29. dxc6+ bxc6 30. Rh7+
1-0

[Event "November Leisure Chess"]
[Site "SchemingMind.com"]
[Date "2009.11.28"]
[Round "-"]
[White "somar96"]
[Black "Secco"]
[Result "1-0"]
[WhiteCountry "POL"]
[BlackCountry "USA"]
[WhiteElo "1914"]
[WhiteRD "62"]
[BlackElo "1247"]
[BlackRD "131"]
[GameID "228483"]

1. e4 e5 2. Nf3 d6 3. Nc3 Nf6 4. d4 Bg4 5. dxe5 dxe5 6. Qxd8+ Kxd8 7. Nxe5 Be6 8. Bg5 Nc6 9. Nxc6+ bxc6 10. O-O-O+ Bd6
11. e5 h6 12. Be3 Nd5 13. exd6 cxd6 14. Nxd5 Bxd5 15. c4 Be4 16. Rxd6+ Ke8 17. f3 Ke7 18. Bc5 Bf5 19. Rxc6+ Kd7 20. Rd6+ Kc8
21. Bd3 g6 22. Bxf5+ gxf5 23. Re1 Rg8 24. g3 a5 25. Re7 Kb8 26. Rdd7 Kc8 27. Bd6 f4 28. g4 h5 29. gxh5 Rg1+ 30. Kc2 Rg2+
31. Kc3
1-0

[Event "November Leisure Chess"]
[Site "SchemingMind.com"]
[Date "2009.11.29"]
[Round "-"]
[White "Emanuel-57"]
[Black "lame wolf"]
[Result "1-0"]
[WhiteCountry "SWE"]
[BlackCountry "INT"]
[WhiteElo "1638"]
[WhiteRD "134"]
[BlackElo "1055"]
[BlackRD "45"]
[GameID "228598"]

1. Nf3 c5 2. e3 Nc6 3. d4 e6 4. a3 d6 5. Nbd2 g6 6. c4 Rb8 7. b3 Bg7 8. Bb2 b6 9. Qc2 Bb7 10. d5 exd5
11. Bxg7 f6 12. Bxh8 Nge7 13. Bxf6 Qd7 14. Bxe7 Nxe7 15. b4 d4 16. exd4 Bxf3 17. Nxf3 cxb4 18. axb4 Rc8 19. Qa4 Qxa4 20. Rxa4 Rxc4
21. Bxc4 d5 22. Bb5+
1-0

[Event "November Leisure Chess"]
[Site "SchemingMind.com"]
[Date "2009.11.29"]
[Round "-"]
[White "Emanuel-57"]
[Black "XTC"]
[Result "0-1"]
[WhiteCountry "SWE"]
[BlackCountry "COL"]
[WhiteElo "1687"]
[WhiteRD "116"]
[BlackElo "1818"]
[BlackRD "48"]
[GameID "228599"]

1. Nf3 Nf6 2. d4 d5 3. e3 c6 4. Nbd2 Bf5 5. c4 e6 6. a3 Nbd7 7. b4 Be7 8. Bb2 O-O 9. Rc1 Ne4 10. Be2 Ndf6
11. cxd5 exd5 12. Nb3 Ng4 13. O-O Ngxf2 14. Rxf2 Nxf2 15. Kxf2 Be4 16. Nc5 Bxc5 17. dxc5 Qd7 18. Ne5 Qf5+ 19. Kg1 f6 20. Bg4 Qg5
21. Be6+ Kh8 22. Ng4 Rae8 23. Bd7 Re7 24. Bxc6 bxc6 25. g3 Bf5 26. Nf2 Qxe3 27. Bd4 Qxa3 28. g4 Be4 29. Bc3 d4 30. Bxd4 Qxb4
31. Bc3 Qa3 32. Qe1 Rfe8 33. Qd2 Bd5 34. Rb1 Qxc5 35. Bb4 Qb6 36. Qb2 Re4 37. Bc3 Qxb2 38. Bxb2 Re1+ 39. Rxe1 Rxe1#
0-1

[Event "November Leisure Chess"]
[Site "SchemingMind.com"]
[Date "2009.11.29"]
[Round "-"]
[White "Emanuel-57"]
[Black "somar96"]
[Result "0-1"]
[WhiteCountry "SWE"]
[BlackCountry "POL"]
[WhiteElo "1638"]
[WhiteRD "134"]
[BlackElo "1914"]
[BlackRD "62"]
[GameID "228600"]

1. Nf3 Nf6 2. d4 g6 3. e3 Bg7 4. Nbd2 O-O 5. a3 c5 6. c4 b6 7. d5 e6 8. dxe6 fxe6 9. b3 Bb7 10. Be2 d5
11. Bb2 Nc6 12. O-O Qe7 13. cxd5 exd5 14. Rc1 Rad8 15. Qc2 Ne4 16. Bxg7 Qxg7 17. Nxe4 dxe4 18. Ng5 Ne5 19. Ne6 Qf6 20. Nxd8 Rxd8
21. Rfd1 Rf8 22. Bc4+ Kh8 23. Rd2 Qg5 24. Qc3 Rf6 25. Rd8+ Kg7 26. Rg8+ Kh6 27. Rb8 Nf3+ 28. Kh1 Nxh2 29. Rxb7 Ng4 30. f3 Qh4+
31. Kg1 Qf2+ 32. Kh1 Qh4+ 33. Kg1 exf3 34. Qd2 Qh2+ 35. Kf1 fxg2+ 36. Ke2 Rf2+ 37. Kd3 Rxd2+ 38. Kxd2 g1=Q+ 39. Be2 Qxe3+ 40. Kc2 Qhxe2+
41. Kb1 Qxb3+
0-1

[Event "November Leisure Chess"]
[Site "SchemingMind.com"]
[Date "2009.11.30"]
[Round "-"]
[White "Emanuel-57"]
[Black "Secco"]
[Result "1-0"]
[WhiteCountry "SWE"]
[BlackCountry "USA"]
[WhiteElo "1638"]
[WhiteRD "134"]
[BlackElo "1247"]
[BlackRD "131"]
[GameID "228601"]

1. Nf3 d5 2. d4 Nf6 3. e3 Bf5 4. Nbd2 e6 5. a3 Bd6 6. c4 Ne4 7. b4 O-O 8. Bb2 Bg4 9. cxd5 exd5 10. Be2 Nd7
11. O-O Nxd2 12. Qxd2 Nf6 13. Qc2 Ne4 14. h3 Bh5 15. Rac1 c5 16. dxc5 Be7 17. Rfd1 b6 18. c6 Bd6 19. Kh1 Nxf2+ 20. Kg1 Nxd1
21. Rxd1 Qe7 22. Qc3 f6 23. Rxd5 Bf7 24. Rd2 Be5 25. Nxe5 fxe5 26. Rd7 Qh4 27. Qxe5 Qe1+ 28. Kh2 Qxe2 29. Qxg7#
1-0

[Event "November Leisure Chess"]
[Site "SchemingMind.com"]
[Date "2009.11.29"]
[Round "-"]
[White "lame wolf"]
[Black "Emanuel-57"]
[Result "0-1"]
[WhiteCountry "INT"]
[BlackCountry "SWE"]
[WhiteElo "1055"]
[WhiteRD "45"]
[BlackElo "1638"]
[BlackRD "134"]
[GameID "228602"]

1. e3 d5 2. b3 Nf6 3. Bb2 Nbd7 4. d4 a6 5. c3 e6 6. Qc2 b5 7. Nd2 Bb7 8. Bd3 b4 9. c4 dxc4 10. bxc4 Bxg2
11. f3 Bxh1 12. Ke2 a5 13. a3 bxa3 14. Bc3 Bb4 15. Nh3 Bg2 16. Bxb4 axb4 17. Qb3 Bxh3 18. Qxb4 Qb8 19. Qxb8+ Nxb8 20. e4 Nc6
21. c5 Nxd4+ 22. Ke3 Ra4 23. Bb5+ Nxb5
0-1

[Event "November Leisure Chess"]
[Site "SchemingMind.com"]
[Date "2009.11.29"]
[Round "-"]
[White "XTC"]
[Black "Emanuel-57"]
[Result "1-0"]
[WhiteCountry "COL"]
[BlackCountry "SWE"]
[WhiteElo "1739"]
[WhiteRD "49"]
[BlackElo "1638"]
[BlackRD "134"]
[GameID "228603"]

1. e4 c5 2. Nf3 d6 3. d4 cxd4 4. Nxd4 Nf6 5. Nc3 e6 6. g4 Be7 7. g5 Nfd7 8. h4 Ne5 9. Be3 a6 10. f4 Nec6
11. Nxc6 Nxc6 12. Qd2 b5 13. a3 Bb7 14. O-O-O Na5 15. b4 Nc4 16. Bxc4 bxc4 17. Bd4 O-O 18. Rhe1 a5 19. h5 axb4 20. axb4 d5
21. h6 g6 22. Nb1 Ra4 23. Bc5 Bxc5 24. bxc5 Qa8 25. Qd4 f6 26. gxf6 dxe4 27. Qd7 Rf7 28. Qd8+ Rf8 29. f7+ Kxf7 30. Rd7+ Kg8
31. Qe7
1-0

[Event "November Leisure Chess"]
[Site "SchemingMind.com"]
[Date "2009.11.29"]
[Round "-"]
[White "somar96"]
[Black "Emanuel-57"]
[Result "1-0"]
[WhiteCountry "POL"]
[BlackCountry "SWE"]
[WhiteElo "1914"]
[WhiteRD "62"]
[BlackElo "1638"]
[BlackRD "134"]
[GameID "228604"]

1. e4 c5 2. Nf3 d6 3. d4 cxd4 4. Nxd4 Nf6 5. Nc3 e6 6. g4 Be7 7. g5 Nfd7 8. h4 a6 9. Be3 Ne5 10. f4 Nec6
11. Qd2 Bd7 12. O-O-O b5 13. Bh3 b4 14. Nce2 a5 15. Ng3 g6 16. h5 a4 17. f5 Nxd4 18. Qxd4 e5 19. Qxb4 d5 20. Bc5 Bxc5
21. Qxc5 Qxg5+ 22. Kb1 Qxg3 23. Qxd5 O-O 24. hxg6 Bc6 25. gxf7+ Kh8 26. Qd6 Qg7 27. f6 Qxf7 28. Qxe5 Re8 29. Qg5 Bxe4 30. Bf5 Bxh1
31. Rxh1 Rg8 32. Qh6 Ra7 33. a3 Rd8 34. Qg5 Qg8 35. Bg6 Rad7 36. f7 Rd1+ 37. Ka2 Qg7 38. Rxh7+ Qxh7 39. Qf6+ Qg7 40. Qh4+
1-0

[Event "November Leisure Chess"]
[Site "SchemingMind.com"]
[Date "2009.11.30"]
[Round "-"]
[White "Secco"]
[Black "Emanuel-57"]
[Result "0-1"]
[WhiteCountry "USA"]
[BlackCountry "SWE"]
[WhiteElo "1247"]
[WhiteRD "131"]
[BlackElo "1638"]
[BlackRD "134"]
[GameID "228605"]

1. e4 c5 2. Nc3 d6 3. Nd5 e6 4. Nf4 Nf6 5. d3 Be7 6. Be3 Bd7 7. Nf3 Bc6 8. c3 Nbd7 9. Qb3 a6 10. Be2 O-O
11. O-O h6 12. d4 Bxe4 13. Bc4 d5 14. Ne5 dxc4 15. Qxc4 b5 16. Qb3 c4 17. Qd1 Qc7 18. b3 Nxe5 19. dxe5 Qxe5 20. Qg4 Nxg4
21. f3 Nxe3 22. fxe4 Nxf1
0-1

[Event "November Leisure Chess"]
[Site "SchemingMind.com"]
[Date "2009.11.29"]
[Round "-"]
[White "Phillip Beckett"]
[Black "lame wolf"]
[Result "1-0"]
[WhiteCountry "ENG"]
[BlackCountry "INT"]
[WhiteElo "1664"]
[WhiteRD "64"]
[BlackElo "1055"]
[BlackRD "45"]
[GameID "228642"]

1. e4 c5 2. Nf3 Nc6 3. d4 Qc7 4. d5 Ne5 5. Bf4 d6 6. Nxe5 dxe5 7. Bg3 f6 8. Bb5+ Bd7 9. Bxd7+ Qxd7 10. O-O e6
11. Nc3 c4 12. dxe6 Qxe6 13. Qd5 Qxd5 14. Nxd5 Bd6 15. Rad1 Ne7 16. Nxf6+ gxf6 17. Rxd6 Kf7 18. Rfd1 Rad8 19. Rxd8 Rxd8 20. Rxd8 Nc6
21. Rd7+ Ke6 22. Rxb7
1-0

[Event "November Leisure Chess"]
[Site "SchemingMind.com"]
[Date "2009.11.29"]
[Round "-"]
[White "Phillip Beckett"]
[Black "XTC"]
[Result "0-1"]
[WhiteCountry "ENG"]
[BlackCountry "COL"]
[WhiteElo "1736"]
[WhiteRD "60"]
[BlackElo "1818"]
[BlackRD "48"]
[GameID "228643"]

1. e4 e5 2. Nf3 Nc6 3. Bb5 a6 4. Ba4 Nf6 5. O-O Be7 6. Re1 b5 7. Bb3 d6 8. h3 Na5 9. c3 O-O 10. Bc2 c5
11. d3 Bb7 12. Nbd2 Qc7 13. Nf1 Rad8 14. a4 h6 15. axb5 axb5 16. Be3 Ra8 17. Ng3 d5 18. exd5 Nxd5 19. Bd2 Nc6 20. Qe2 Rxa1
21. Rxa1 Rd8 22. Nf5 Bf6 23. Ne3 Nf4 24. Qf1 Ne7 25. g3 Nxd3 26. Bxd3 Bxf3 27. Be2 Bxe2 28. Qxe2 c4 29. Ng2 Qd7 30. Be3 Qxh3
31. Rd1 Rxd1+ 32. Qxd1 Qf5 33. Bc5 Qd3 34. Qa1 Ng6 35. Qa8+ Kh7 36. Qa1 Qd5 37. Bb4 Be7 38. Ne3 Qd7 39. Qb1 Bxb4 40. cxb4 Qd6
41. Qe1 Ne7 42. Qb1+ g6 43. Qe1 Nc6 44. Nc2 Qd3 45. Ne3 Nd4 46. Ng4 Nf3+
0-1

[Event "November Leisure Chess"]
[Site "SchemingMind.com"]
[Date "2009.11.29"]
[Round "-"]
[White "Phillip Beckett"]
[Black "somar96"]
[Result "0-1"]
[WhiteCountry "ENG"]
[BlackCountry "POL"]
[WhiteElo "1664"]
[WhiteRD "64"]
[BlackElo "1914"]
[BlackRD "62"]
[GameID "228644"]

1. e4 d5 2. exd5 Qxd5 3. Nc3 Qd6 4. Nf3 Nf6 5. Be2 a6 6. O-O e5 7. d3 Nc6 8. Bg5 Be7 9. h3 O-O 10. Nh2 Bf5
11. Bxf6 Bxf6 12. Ng4 Be7 13. Ne3 Bg6 14. Bf3 Rad8 15. Ne4 Qd7 16. Qe2 Nd4 17. Qd1 Nxf3+ 18. Qxf3 f5 19. Nc3 c6 20. Nc4 Bf6
21. Rfe1 Rde8 22. Nb6 Qd4 23. Qe3 Qd6 24. Nc4 Qc7 25. Qb6 Qd7 26. Na5 Rf7 27. Na4 Bd8 28. Qb4 f4 29. Nc5 Qf5 30. Naxb7 f3
31. Qg4 fxg2 32. Qxf5 Bxf5 33. Nd6 Ref8 34. Nxf7 Rxf7 35. Ne4 Bxh3 36. Ng5 Bxg5 37. Rxe5 Bh4 38. Re8+ Rf8 39. Rxf8+ Kxf8 40. Re1 Kf7
41. Re3 Be6 42. Kxg2 Bf6 43. b3 h5 44. f3 h4 45. f4 h3+ 46. Kh2 Bd4 47. Re4 Bc3 48. Ra4 Bd2 49. Rxa6 Bxf4+ 50. Kh1 Bd5+
0-1

[Event "November Leisure Chess"]
[Site "SchemingMind.com"]
[Date "2009.11.30"]
[Round "-"]
[White "Phillip Beckett"]
[Black "Secco"]
[Result "1-0"]
[WhiteCountry "ENG"]
[BlackCountry "USA"]
[WhiteElo "1664"]
[WhiteRD "64"]
[BlackElo "1247"]
[BlackRD "131"]
[GameID "228645"]

1. e4 e5 2. Nf3 Nc6 3. Bb5 a6 4. Ba4 Nf6 5. O-O d5 6. exd5 Nxd5 7. Nxe5 Bd6 8. Nxc6 bxc6 9. Bxc6+ Ke7 10. Re1+ Kf8
11. Bxd5 Ra7 12. Qf3 f6 13. d3 Qd7 14. Bc6 Qd8 15. Re8+ Qxe8 16. Bxe8 Kxe8 17. Nc3 c5 18. Bf4 Rd7 19. Re1+ Re7 20. Rxe7+ Bxe7
21. Qc6+ Kf7 22. Nd5 Be6 23. Nxe7 Rd8 24. Bd6
1-0

[Event "November Leisure Chess"]
[Site "SchemingMind.com"]
[Date "2009.11.29"]
[Round "-"]
[White "Phillip Beckett"]
[Black "Emanuel-57"]
[Result "1-0"]
[WhiteCountry "ENG"]
[BlackCountry "SWE"]
[WhiteElo "1664"]
[WhiteRD "64"]
[BlackElo "1638"]
[BlackRD "134"]
[GameID "228646"]

1. e4 c5 2. Nf3 d6 3. d4 cxd4 4. Nxd4 Nf6 5. Nc3 e6 6. Bg5 Be7 7. f4 Bd7 8. Qf3 Nc6 9. O-O-O a6 10. g4 h6
11. Bh4 Nxd4 12. Rxd4 e5 13. fxe5 dxe5 14. Rd1 Qc8 15. Bxf6 Bxf6 16. h3 Be6 17. Nd5 Qc6 18. Nxf6+ gxf6 19. Qxf6 Rg8 20. Bd3 Qc5
21. Qxh6 Bxa2 22. Qh7 Rf8 23. Qf5 Bb3 24. Bb5+ Qxb5 25. cxb3 Ke7 26. Rd5 Rac8+ 27. Kb1 f6 28. Rxb5 axb5 29. Rd1 Rc7 30. Qh7+ Rf7
31. Qf5 Ke8 32. Qe6+ Kf8 33. Rd8+ Kg7 34. Qe8 Kg6 35. h4 Re7 36. Qxb5 Rh7 37. Qd5 Rxh4 38. Rg8+ Rg7 39. Rxg7+ Kxg7 40. Qd7+ Kh6
41. Qf7
1-0

[Event "November Leisure Chess"]
[Site "SchemingMind.com"]
[Date "2009.11.29"]
[Round "-"]
[White "lame wolf"]
[Black "Phillip Beckett"]
[Result "0-1"]
[WhiteCountry "INT"]
[BlackCountry "ENG"]
[WhiteElo "1055"]
[WhiteRD "45"]
[BlackElo "1664"]
[BlackRD "64"]
[GameID "228647"]

1. Nf3 Nf6 2. d4 d5 3. c3 e6 4. Bg5 Be7 5. Bxf6 Bxf6 6. e3 Nd7 7. Nbd2 c5 8. Bb5 cxd4 9. Bxd7+ Bxd7 10. cxd4 O-O
11. O-O Qb6 12. b3 Bb5 13. Re1 Rfc8 14. b4 Rc3 15. a4 Bd3 16. Rc1 Rac8 17. Rxc3 Rxc3 18. Nb3 Bc2 19. Qe2 Bxb3 20. Qb5 Qxb5
21. axb5 g6 22. Nd2 Bc4 23. e4 Bxd4 24. exd5 Bxd5 25. Ra1 Rc2 26. Nf3 Bxa1 27. h3 Bxf3
0-1

[Event "November Leisure Chess"]
[Site "SchemingMind.com"]
[Date "2009.11.29"]
[Round "-"]
[White "XTC"]
[Black "Phillip Beckett"]
[Result "1-0"]
[WhiteCountry "COL"]
[BlackCountry "ENG"]
[WhiteElo "1818"]
[WhiteRD "48"]
[BlackElo "1736"]
[BlackRD "60"]
[GameID "228648"]

1. e4 e5 2. Nf3 Nc6 3. Bc4 Nf6 4. Ng5 Bc5 5. Bxf7+ Ke7 6. Bd5 Rf8 7. O-O d6 8. h3 h6 9. Nf3 Qe8 10. c3 Qg6
11. d4 exd4 12. cxd4 Bb6 13. Nc3 Bd7 14. Re1 Rae8 15. Nb5 Kd8 16. Nh4 Qh7 17. Nc3 g5 18. Nf3 g4 19. hxg4 Nxg4 20. Be3 h5
21. a4 a6 22. b4 Nxe3 23. fxe3 h4 24. a5 Ba7 25. b5 Nb8 26. b6 cxb6 27. axb6 Bxb6 28. Qb3 Bc7 29. Ng5 Qg6 30. Nf7+ Rxf7
31. Bxf7 Qg3 32. Bxe8 Bh3 33. Re2 Kxe8 34. Qxb7 Bg4 35. Qxc7 Bxe2 36. Qxb8+ Kd7 37. Nxe2 Qxe3+ 38. Kf1 Qxe4 39. Rxa6 Qf5+ 40. Ke1 Qd3
41. Qxd6+ Ke8 42. Ra8+ Kf7 43. Ra7+ Kg8 44. Qd8#
1-0

[Event "November Leisure Chess"]
[Site "SchemingMind.com"]
[Date "2009.11.29"]
[Round "-"]
[White "somar96"]
[Black "Phillip Beckett"]
[Result "1-0"]
[WhiteCountry "POL"]
[BlackCountry "ENG"]
[WhiteElo "1914"]
[WhiteRD "62"]
[BlackElo "1664"]
[BlackRD "64"]
[GameID "228649"]

1. e4 e5 2. Nf3 Nc6 3. d4 exd4 4. Nxd4 Bc5 5. Be3 Qf6 6. c3 Nge7 7. g3 Nxd4 8. cxd4 Bb4+ 9. Nc3 O-O 10. Bg2 d6
11. O-O Nc6 12. a3 Ba5 13. Nd5 Qd8 14. b4 Bb6 15. Nxb6 axb6 16. f4 Bd7 17. d5 Ne7 18. f5 Bb5 19. Rf4 Ba4 20. Qd4 c5
21. dxc6 bxc6 22. Qxb6 Qxb6 23. Bxb6 d5 24. e5 Rfb8 25. Bc5 Nc8 26. Re1 Nb6 27. e6 fxe6 28. fxe6 Nc4 29. e7 Re8 30. Bh3
1-0